| 000 | 01515nam a22003857a 4500 | ||
|---|---|---|---|
| 001 | 13771466 | ||
| 003 | OSt | ||
| 005 | 20210426124207.0 | ||
| 008 | 041103s2006 nyua b 001 0 eng | ||
| 010 | _a 2004063232 | ||
| 020 | _a0073130826 (pkg.) | ||
| 020 | _a0072957239 (text : alk. paper) | ||
| 040 |
_aDLC _cDLC _dDLC |
||
| 042 | _apcc | ||
| 050 | 0 | 0 |
_aHG4026 _b.B667 2006 |
| 080 |
_a336 _bB-85 |
||
| 082 | 0 | 0 |
_a658.15 _222 |
| 100 | 1 | _aBrealey, Richard A. | |
| 245 | 1 | 0 |
_aPrinciples of corporate finance / _cRichard A. Brealey, Stewart C. Myers, Franklin Allen. |
| 250 | _a8th ed. | ||
| 260 |
_aNew York, NY : _bMcGraw-Hill/Irwin, _cc2006. |
||
| 300 |
_axxviii, 1028 p. : _bill. ; _c26 cm. + _e1 CD-ROM (4 3/4 in.) |
||
| 440 | 4 | _aThe McGraw-Hill/Irwin series in finance, insurance, and real estate | |
| 504 | _aIncludes bibliographical references and indexes. | ||
| 650 | 0 |
_aCorporations _xFinance. |
|
| 653 | _aფინანსები | ||
| 700 | 1 | _aMyers, Stewart C. | |
| 700 | 1 |
_aAllen, Franklin, _d1956- |
|
| 856 | 4 | 1 |
_3Table of contents only _uhttp://www.loc.gov/catdir/enhancements/fy0619/2004063232-t.html |
| 856 | 4 | 2 |
_3Publisher description _uhttp://www.loc.gov/catdir/enhancements/fy0632/2004063232-d.html |
| 856 | 4 | 2 |
_3Contributor biographical information _uhttp://www.loc.gov/catdir/enhancements/fy0737/2004063232-b.html |
| 906 |
_a7 _bcbc _corignew _d1 _eocip _f20 _gy-gencatlg |
||
| 942 |
_2udc _cBK |
||
| 999 |
_c1110 _d1110 |
||